Análisis financiero con Microsoft Excel/ (Registro nro. 8860)

Detalles MARC
000 -LEADER
fixed length control field 01179nam a2200205Ia 4500
005 - FECHA Y HORA DE LA ÚLTIMA TRANSACCIÓN
control field 20230811085737.0
008 - FIXED-LENGTH DATA ELEMENTS--GENERAL INFORMATION
fixed length control field 230809s9999 xx 000 0 und d
020 ## - INTERNATIONAL STANDARD BOOK NUMBER
International Standard Book Number 978-607481157-5
040 ## - CATALOGING SOURCE
Original cataloging agency UPAN
Transcribing agency Biblioteca San Vicente
Description conventions RCAA2
041 ## - LANGUAGE CODE
Language code of text/sound track or separate title spa
082 ## - DEWEY DECIMAL CLASSIFICATION NUMBER
Classification number 657.32
Item number M393a
año de publicación 2010
100 ## - MAIN ENTRY--PERSONAL NAME
Personal name Mayes R. Timothy
Relator code aut.
245 #0 - TITLE STATEMENT
Title Análisis financiero con Microsoft Excel/
Statement of responsibility, etc Timothy R. Mayes, Todd M. Shank
250 ## - EDITION STATEMENT
Edition statement 5ª ed
260 ## - PUBLICATION, DISTRIBUTION, ETC. (IMPRINT)
Place of publication, distribution, etc México:
Name of publisher, distributor, etc CENGAGE,
Date of publication, distribution, etc 2010
300 ## - PHYSICAL DESCRIPTION
Extent 460 p.;
Dimensions 27 cm.
505 ## - FORMATTED CONTENTS NOTE
Formatted contents note 1.Introduccion a Excel 2007 <br/>2. Los estados financieros básicos<br/>3. El presupuesto efectivo<br/>4. Herramientas de análisis de un estado financiero<br/>5. Elaboración de pronósticos financieros<br/>6. Análisis del punto de equilibrio y del apalancamiento<br/>7. El valor del dinero en el tiempo<br/>8. Valuación de acciones comunes<br/>9. Valuación de obligaciones<br/>10. El costo capital<br/>11. La preparación del presupuesto de capital<br/>12. Riesgo y presupuesto del capital<br/>13. Estadísticas de la cartera de valores y de versificación <br/>14. Para escribir funciones con VBA definidos por el usuario<br/>
650 ## - SUBJECT ADDED ENTRY--TOPICAL TERM
Source of heading or term LEMB
General subdivision Análisis financiero
942 ## - ADDED ENTRY ELEMENTS (KOHA)
Koha item type Libros
Source of classification or shelving scheme Dewey Decimal Classification
Existencias
Withdrawn status Lost status Source of classification or shelving scheme Damaged status Not for loan Collection code Home library Current library Date acquired Total Checkouts Full call number Barcode Date last seen Copy number Price effective from Koha item type
    Dewey Decimal Classification     Colección General Biblioteca UPAN San Vicente Biblioteca UPAN San Vicente 09/08/2023   657.32 M393a 12002737 09/08/2023 01 09/08/2023 Libros
    Dewey Decimal Classification     Colección General Biblioteca UPAN San Vicente Biblioteca UPAN San Vicente 11/08/2023   657.32 M393a 12002739 11/08/2023 02 11/08/2023 Libros
    Dewey Decimal Classification     Colección General Biblioteca UPAN San Vicente Biblioteca UPAN San Vicente 11/08/2023   657.32 M393a 12002738 11/08/2023 03 11/08/2023 Libros